| 000 | 00344nam a22001337a 4500 | ||
|---|---|---|---|
| 020 | _a9781465453358 | ||
| 040 | _cNUST | ||
| 082 |
_a590.3 _bWOO |
||
| 100 |
_aWoodward, John _982091 |
||
| 245 | _aAnimal-knowledge Encyclopedia | ||
| 260 |
_aUSA: _bDK Publishing,Inc, _c2016. |
||
| 650 |
_aknowledge Encyclopedia-Animal _996555 |
||
| 942 |
_2ddc _cBK |
||
| 999 |
_c586393 _d586393 |
||